00628nam a2200169 i 450000100060000000300090000600500170001500700030003200800410003510000270007624501080010326000360021130000400024785200320028799900170031995201220033652178ES-MaACL20230906162534.0t|030826s1968 sp ||||1| spa d1 aChristie, Anna.93865910aPerlas preciosas b: . Tomo III: (La vida de Jesús) : Manual para los instructores / cAnna Christie. aBarcelona : bAlturas, c[1968] a106 p., 3 lám., 1 map. ; c22 cm. aES-MaACLjC-46797 bR.72630 c52178d52178 00104070aATENEOMbATENEOMcDEPO2d2008-01-17eSCl0oC-46797p1054853r2023-02-23 00:00:00w2023-02-23yMONOGRAFIA